[Event "GER-chT Lands U20"]
[Site "Hannover"]
[Date "2023.10.03"]
[Round "5"]
[White "Stichter, Constantin Paul"]
[Black "Hubert, Charlotte"]
[Result "1-0"]
[WhiteElo "1921"]
[BlackElo "1897"]
[PlyCount "133"]
[EventDate "2023.10.01"]
[EventType "team-swiss"]
[EventRounds "7"]
[EventCountry "GER"]
[SourceTitle "EXT 2024"]
[Source "ChessBase"]
[SourceDate "2023.10.10"]
[SourceVersion "1"]
[SourceVersionDate "2023.10.10"]
[SourceQuality "1"]

1. e4 c5 2. Nc3 d6 3. f4 g6 4. Nf3 Bg7 5. Bb5+ Bd7 6. Bxd7+ Qxd7 7. d3 e6 8. 0-0 Ne7 9. Ne2 Nbc6 10. c3 0-0 11. Be3 Rab8 12. Rc1 b6 13. Qe1 d5 14. Qf2 Rbd8 15. h3 c4 16. exd5 Nxd5 17. dxc4 Nxe3 18. Qxe3 Qd3 19. Qxd3 Rxd3 20. Rcd1 Rfd8 21. Rxd3 Rxd3 22. Nc1 Rd7 23. Nb3 a5 24. a4 Bf8 25. Kf2 Kg7 26. Ke2 Kf6 27. Nbd4 Nb8 28. Ne5 Rd8 29. Ndc6 Nxc6 30. Nxc6 Rc8 31. Ne5 Bd6 32. b3 Bxe5 33. fxe5+ Kxe5 34. Rxf7 h5 35. Rg7 Kf6 36. Rb7 Rc6 37. b4 Rxc4 38. Kd3 Rc6 39. bxa5 bxa5 40. Rb5 Ra6 41. c4 Ke7 42. Ke4 Kd6 43. c5+ Kc6 44. Ke5 Kc7 45. h4 Kd7 46. Rb6 Ra8 47. Rxe6 Rb8 48. Rb6 Re8+ 49. Kd5 Rg8 50. Rb7+ Kc8 51. Rh7 g5 52. g3 gxh4 53. gxh4 Rg4 54. Rxh5 Rxa4 55. Kc6 Kd8 56. Rh8+ Ke7 57. h5 Rh4 58. h6 a4 59. Kc7 Ke6 60. h7 Kd5 61. c6 Kc5 62. Kb7 Rb4+ 63. Ka7 a3 64. Ra8 a2 65. h8Q Rb1 66. Qe5+ Kxc6 67. Rc8+ 1-0

[Event "Bavaria-ch 94th"]
[Site "Rosenheim"]
[Date "2023.08.24"]
[Round "7"]
[White "Stichter, Constantin Paul"]
[Black "Albert, Markus1111"]
[Result "0-1"]
[WhiteElo "1921"]
[BlackElo "2256"]
[PlyCount "186"]
[EventDate "2023.08.20"]
[EventType "tourn"]
[EventRounds "9"]
[EventCountry "GER"]
[SourceTitle "CBM 215 Extra"]
[Source "ChessBase"]
[SourceDate "2023.09.30"]
[SourceVersion "1"]
[SourceVersionDate "2023.09.30"]
[SourceQuality "1"]

1. g3 h5 2. h4 e5 3. Bg2 Na6 4. d3 c6 5. Nf3 Nf6 6. Nxe5 Qa5+ 7. Nc3 Qxe5 8. d4 Qb8 9. e4 d6 10. 0-0 Be7 11. f4 Ng4 12. e5 0-0 13. Ne4 Rd8 14. Qf3 Bf5 15. c3 Nc7 16. b3 d5 17. Nd2 Ne6 18. Bb2 c5 19. c4 Nc7 20. Rad1 cxd4 21. cxd5 Nxd5 22. Bxd4 Nb4 23. Ne4 Nc6 24. Bc3 Bxe4 25. Qxe4 Bc5+ 26. Kh1 Rxd1 27. Be1 Qc7 28. e6 Ne3 29. Bh3 Re8 30. Qf3 Ra1 31. Qxh5 Nxf1 32. Kg2 Rxe1 33. Qxc5 R1xe6 34. h5 Re5 35. Be6 Rxh5 36. a3 Rxc5 37. Kh1 Rc2 38. Bxf7+ Kh8 39. Bg8 Qb6 40. Bh7 Qg1+ 41. Kxg1 Kxh7 42. b4 Nxg3 43. f5 Nxf5 44. a4 Nxb4 45. a5 Nc6 46. Kf1 Nxa5 47. Kg1 b5 48. Kf1 Re1+ 49. Kxe1 b4 50. Kd1 b3 51. Ke1 b2 52. Kd1 b1N 53. Kxc2 Na3+ 54. Kc1 g5 55. Kd1 Nb5 56. Kc1 g4 57. Kb1 g3 58. Kc1 g2 59. Kb1 g1N 60. Ka1 Ne7 61. Kb1 Nc7 62. Kc1 Nb7 63. Kd1 Nh3 64. Ke1 Nf4 65. Kf1 Nfg6 66. Kg1 a5 67. Kh1 a4 68. Kh2 a3 69. Kh3 a2 70. Kh2 a1N 71. Kh1 Nc2 72. Kg1 Nb4 73. Kh1 Nba6 74. Kg1 Nf8 75. Kh1 Ne8 76. Kg1 Nd8 77. Kh1 Nc8 78. Kg1 Nb8 79. Kf1 Kg6 80. Ke2 Kf5 81. Kd3 Ke5 82. Kc4 Nfe6 83. Kc3 Ned6 84. Kd3 Ndc6 85. Ke3 Nb6 86. Kd3 Nd5 87. Ke2 Nd7 88. Kf3 Ncd4+ 89. Kg3 Ne4+ 90. Kg4 N7f6+ 91. Kh4 Ne3 92. Kh3 Nf4+ 93. Kh4 Nf3# 0-1

[Event "Bavaria-ch 94th"]
[Site "Rosenheim"]
[Date "2023.08.22"]
[Round "3"]
[White "Stichter, Constantin Paul"]
[Black "Brunner, Tobias"]
[Result "0-1"]
[WhiteElo "1921"]
[BlackElo "1999"]
[PlyCount "62"]
[EventDate "2023.08.20"]
[EventType "tourn"]
[EventRounds "9"]
[EventCountry "GER"]
[SourceTitle "CBM 215 Extra"]
[Source "ChessBase"]
[SourceDate "2023.09.30"]
[SourceVersion "1"]
[SourceVersionDate "2023.09.30"]
[SourceQuality "1"]

1. c4 e5 2. Nc3 Nc6 3. Nf3 f5 4. g3 Nf6 5. Bg2 g6 6. h4 Bg7 7. e3 e4 8. Ng5 Ne5 9. 0-0 0-0 10. b3 Nd3 11. Ba3 c5 12. Qc2 Qa5 13. Bc1 h6 14. Nh3 d5 15. f3 Nh5 16. Kh2 Qc7 17. f4 d4 18. Nd5 Qd6 19. Rb1 Be6 20. Ba3 Bxd5 21. cxd5 dxe3 22. dxe3 Nf6 23. Kg1 Nxd5 24. Qd2 Nxe3 25. Rfc1 Bd4 26. Kh1 Nxg2 27. Kxg2 Nxc1 28. Qxc1 e3 29. Qc4+ Kh7 30. Ng5+ hxg5 31. hxg5 Qc6+ 0-1

[Event "Bavaria-ch 94th"]
[Site "Rosenheim"]
[Date "2023.08.20"]
[Round "1"]
[White "Stichter, Constantin Paul"]
[Black "Loew, Gerald"]
[Result "0-1"]
[WhiteElo "1921"]
[BlackElo "2146"]
[PlyCount "88"]
[EventDate "2023.08.20"]
[EventType "tourn"]
[EventRounds "9"]
[EventCountry "GER"]
[SourceTitle "CBM 215 Extra"]
[Source "ChessBase"]
[SourceDate "2023.09.30"]
[SourceVersion "1"]
[SourceVersionDate "2023.09.30"]
[SourceQuality "1"]

1. d4 d5 2. g3 Nf6 3. Bg2 c5 4. dxc5 e6 5. c4 Bxc5 6. cxd5 exd5 7. Nf3 Nc6 8. 0-0 0-0 9. Nbd2 Re8 10. Nb3 Bb6 11. e3 Bg4 12. h3 Bh5 13. g4 Bg6 14. Bd2 h5 15. Nh4 Bd3 16. Re1 Nxg4 17. Nf3 Nf6 18. Bc3 Bg6 19. Ng5 Ne4 20. Nxe4 dxe4 21. Nd2 Qh4 22. Qa4 Bf5 23. Nf3 Qe7 24. Nd2 Bc7 25. Qb5 g6 26. Nf1 h4 27. Rad1 a6 28. Qc4 Rac8 29. Kh1 Bb8 30. Qa4 Qe6 31. Qb3 Bxh3 32. Qxe6 Bxg2+ 33. Kxg2 Rxe6 34. Kh3 Be5 35. Kxh4 Bxc3 36. bxc3 Ne5 37. Re2 Rxc3 38. Rd8+ Kg7 39. Nd2 Rc2 40. Kg3 Rxa2 41. f4 exf3 42. Rh2 Ra1 43. Ne4 Nc6 44. Rdh8 Rxe4 0-1

[Event "GER-ch U14"]
[Site "Willingen"]
[Date "2023.06.03"]
[Round "9"]
[White "Stichter, Constantin Paul"]
[Black "Haubold, Sebastian Marcel"]
[Result "1/2-1/2"]
[WhiteElo "1959"]
[BlackElo "2092"]
[PlyCount "86"]
[EventDate "2023.05.27"]
[EventType "swiss"]
[EventRounds "9"]
[EventCountry "GER"]
[SourceTitle "CBM 214 Extra"]
[Source "ChessBase"]
[SourceDate "2023.07.31"]
[SourceVersion "1"]
[SourceVersionDate "2023.07.31"]
[SourceQuality "1"]

1. e4 e5 2. Nf3 Nc6 3. Bc4 Bc5 4. d3 h6 5. Nc3 d6 6. a4 Nf6 7. Be3 Bb6 8. Qd2 Bg4 9. Qe2 Nd4 10. Bxd4 exd4 11. Nd5 Nxd5 12. exd5+ Qe7 13. Qxe7+ Kxe7 14. a5 Bc5 15. Kd2 Bxf3 16. gxf3 Kf6 17. Bb5 a6 18. Bd7 Rad8 19. Bh3 g5 20. Ra4 Rhe8 21. f4 gxf4 22. b4 Ba7 23. Bg2 f3 24. Bxf3 Rg8 25. Raa1 Kf5 26. Rae1 Kf6 27. h4 b6 28. Re4 bxa5 29. Rf4+ Ke7 30. Re1+ Kf8 31. Bh5 Rg7 32. bxa5 Re8 33. Rb1 Re5 34. Bf3 Bc5 35. Be4 Ke7 36. c3 f5 37. cxd4 Bxd4 38. Bxf5 Rxd5 39. Rb7 Be5 40. Rc4 Kf6 41. Be4 Rxa5 42. Rcxc7 Rxc7 43. Rxc7 Bd4 1/2-1/2

[Event "GER-ch U14"]
[Site "Willingen"]
[Date "2023.05.30"]
[Round "4"]
[White "Fruth, David"]
[Black "Stichter, Constantin Paul"]
[Result "1-0"]
[WhiteElo "1851"]
[BlackElo "1959"]
[PlyCount "41"]
[EventDate "2023.05.27"]
[EventType "swiss"]
[EventRounds "9"]
[EventCountry "GER"]
[SourceTitle "CBM 214 Extra"]
[Source "ChessBase"]
[SourceDate "2023.07.31"]
[SourceVersion "1"]
[SourceVersionDate "2023.07.31"]
[SourceQuality "1"]

1. e4 e6 2. d4 d5 3. Nc3 Nf6 4. Bg5 Be7 5. e5 Nfd7 6. h4 h6 7. Bxe7 Qxe7 8. Qg4 0-0 9. f4 Qb4 10. 0-0-0 Nb6 11. Nf3 Nc4 12. Bxc4 Qxc4 13. Rh3 Kh8 14. Rg3 Rg8 15. Ng5 g6 16. Nxf7+ Kh7 17. Nxh6 Kxh6 18. Qg5+ Kh7 19. h5 Rg7 20. hxg6+ Kg8 21. Qd8# 1-0

[Event "GER-ch U14"]
[Site "Willingen"]
[Date "2023.05.28"]
[Round "2"]
[White "Melestean, Maxim"]
[Black "Stichter, Constantin Paul"]
[Result "0-1"]
[WhiteElo "1450"]
[BlackElo "1959"]
[PlyCount "94"]
[EventDate "2023.05.27"]
[EventType "swiss"]
[EventRounds "9"]
[EventCountry "GER"]
[SourceTitle "CBM 214 Extra"]
[Source "ChessBase"]
[SourceDate "2023.07.31"]
[SourceVersion "1"]
[SourceVersionDate "2023.07.31"]
[SourceQuality "1"]

1. d4 d5 2. c4 e6 3. Nc3 Nf6 4. Nf3 Be7 5. Bg5 c6 6. e3 Nbd7 7. cxd5 exd5 8. Bd3 0-0 9. 0-0 Re8 10. Qc2 Nf8 11. a3 h6 12. Bh4 Nh5 13. Bxe7 Rxe7 14. Rfc1 Ne6 15. b4 Nf6 16. Qb3 Qd6 17. Rc2 b6 18. Rac1 Bb7 19. Na4 Nd7 20. Rc3 b5 21. Nc5 Ndxc5 22. bxc5 Qc7 23. a4 a6 24. Ra1 Ree8 25. Qb2 Ng5 26. Nxg5 hxg5 27. Rca3 Reb8 28. Qe2 g6 29. Qg4 Qe7 30. Qg3 b4 31. Rb3 a5 32. Re1 Re8 33. Qf3 Kg7 34. Rb2 f5 35. Ree2 Qf6 36. g3 Re7 37. Kf1 Rh8 38. Kg1 Bc8 39. Red2 f4 40. Re2 fxg3 41. Qxf6+ Kxf6 42. fxg3 Bg4 43. Re1 Kg7 44. Bf1 Rhe8 45. h3 Bf3 46. Kf2 Be4 47. Bg2 Bxg2 0-1

[Event "Tirol Landesliga 2223"]
[Site "Austria"]
[Date "2022.11.27"]
[Round "4.6"]
[White "Schwarz, Dominik1111"]
[Black "Stichter, Constantin Paul"]
[Result "0-1"]
[WhiteElo "1560"]
[BlackElo "1657"]
[PlyCount "92"]
[EventDate "2022.10.01"]
[EventType "team-tourn"]
[EventRounds "9"]
[EventCountry "AUT"]
[SourceTitle "EXT 2024"]
[Source "ChessBase"]
[SourceDate "2023.10.10"]
[SourceVersion "1"]
[SourceVersionDate "2023.10.10"]
[SourceQuality "1"]
[WhiteTeam "Reutte"]
[BlackTeam "Schach ohne Grenzen"]
[WhiteTeamCountry "AUT"]
[BlackTeamCountry "AUT"]

1. d4 d5 2. Nf3 Nf6 3. Bf4 c5 4. e3 Nc6 5. c3 Qb6 6. Qc2 Bd7 7. Nbd2 Rc8 8. Qb3 c4 9. Qxb6 axb6 10. Ne5 Nh5 11. Nxd7 Kxd7 12. Be2 Nxf4 13. exf4 e6 14. 0-0 g6 15. Rfe1 Bd6 16. g3 b5 17. Nf3 h6 18. Ne5+ Bxe5 19. fxe5 b4 20. Reb1 Ra8 21. a3 bxc3 22. bxc3 Kc7 23. Rb2 Ra7 24. a4 Rb8 25. Rb5 Ra5 26. Bd1 Rxb5 27. axb5 Ne7 28. g4 Kb6 29. Kf1 Kxb5 30. Ba4+ Kb6 31. Bc2 Kc7 32. Ke2 Nc6 33. f4 b5 34. f5 gxf5 35. gxf5 b4 36. cxb4 Nxd4+ 37. Kd2 Nf3+ 38. Ke3 Nxe5 39. fxe6 fxe6 40. Rb1 Kd6 41. h3 Rb6 42. Bd1 Nd3 43. b5 e5 44. Be2 Nc5 45. Kd2 Ne4+ 46. Ke3 Nc3 0-1

[Event "Wch U12"]
[Site "Batumi"]
[Date "2022.09.24"]
[Round "8"]
[White "Stichter, Constantin Paul"]
[Black "Babkin, Kirill"]
[Result "1-0"]
[WhiteElo "1620"]
[BlackElo "1217"]
[PlyCount "49"]
[EventDate "2022.09.16"]
[EventType "swiss"]
[EventRounds "11"]
[EventCountry "GEO"]
[SourceTitle "EXT 2023"]
[Source "ChessBase"]
[SourceDate "2022.10.05"]
[SourceVersion "1"]
[SourceVersionDate "2022.10.05"]
[SourceQuality "1"]

1. d4 d5 2. Bf4 Nf6 3. e3 Bf5 4. c4 c6 5. Nc3 dxc4 6. Bxc4 e6 7. Nf3 Nd5 8. Bg3 Qb6 9. Qb3 Qxb3 10. Bxb3 Bb4 11. Kd2 Be4 12. a3 Bxf3 13. gxf3 Be7 14. Nxd5 cxd5 15. Rac1 Nc6 16. Ba4 Kd7 17. Rc3 Rac8 18. Rb3 Rc7 19. Bxc7 Kxc7 20. Rc1 Rc8 21. Rbc3 Kd7 22. b4 a6 23. b5 axb5 24. Bxb5 Ra8 25. Rxc6 1-0

[Event "Wch U12"]
[Site "Batumi"]
[Date "2022.09.20"]
[Round "5"]
[White "Stichter, Constantin Paul"]
[Black "Tan, Yi Rui Ray"]
[Result "1-0"]
[WhiteElo "1620"]
[BlackElo "1884"]
[PlyCount "77"]
[EventDate "2022.09.16"]
[EventType "swiss"]
[EventRounds "11"]
[EventCountry "GEO"]
[SourceTitle "EXT 2023"]
[Source "ChessBase"]
[SourceDate "2022.10.05"]
[SourceVersion "1"]
[SourceVersionDate "2022.10.05"]
[SourceQuality "1"]

1. e4 c5 2. Nc3 d6 3. d4 cxd4 4. Qxd4 Nc6 5. Qd2 Nf6 6. b3 e5 7. Bb2 Be7 8. 0-0-0 a6 9. Kb1 b5 10. f3 Be6 11. g4 0-0 12. h4 Nd4 13. Nce2 Nxe2 14. Nxe2 Qc7 15. Ng3 Rfd8 16. g5 Ne8 17. f4 exf4 18. Qxf4 Rac8 19. Bd3 a5 20. Nh5 a4 21. e5 axb3 22. cxb3 dxe5 23. Bxe5 Bd6 24. Bxd6 Rxd6 25. Rc1 Qb7 26. Rxc8 Qxh1+ 27. Rc1 Qd5 28. Bc2 Qd4 29. Rd1 Qc5 30. Rxd6 Nxd6 31. Ng3 g6 32. h5 b4 33. Bd3 Ne8 34. hxg6 hxg6 35. Ne4 Qg1+ 36. Kc2 Qb6 37. Qe5 Qa7 38. Kb1 Qe3 39. Nf6+ 1-0

[Event "Wch U12"]
[Site "Batumi"]
[Date "2022.09.16"]
[Round "1"]
[White "Mamedov, Edgar"]
[Black "Stichter, Constantin Paul"]
[Result "1-0"]
[WhiteElo "2313"]
[BlackElo "1620"]
[PlyCount "101"]
[EventDate "2022.09.16"]
[EventType "swiss"]
[EventRounds "11"]
[EventCountry "GEO"]
[SourceTitle "EXT 2023"]
[Source "ChessBase"]
[SourceDate "2022.10.05"]
[SourceVersion "1"]
[SourceVersionDate "2022.10.05"]
[SourceQuality "1"]

1. d4 d5 2. c4 e6 3. Nc3 Nf6 4. cxd5 exd5 5. Bg5 c6 6. e3 Bd6 7. Bd3 Be6 8. Nf3 Nbd7 9. 0-0 Qc7 10. Rc1 a6 11. a3 h5 12. e4 Bf4 13. exd5 cxd5 14. Rc2 Qd6 15. Re1 0-0 16. Bxf4 Qxf4 17. Ne2 Qd6 18. Qc1 Rfe8 19. h3 Ne4 20. Nf4 g6 21. Nxe6 Qxe6 22. Qf4 Qf6 23. Qc7 Re7 24. Qxb7 Nb6 25. Rc7 Rxc7 26. Qxc7 Qd6 27. Qc1 Re8 28. Bxa6 Kg7 29. Bd3 Nd7 30. Bb5 Re7 31. Bxd7 Qxd7 32. Qc2 f6 33. b4 g5 34. Nd2 Qa7 35. Qb2 f5 36. Nxe4 fxe4 37. b5 Qa5 38. Rb1 Qb6 39. Qb4 Rf7 40. a4 Qf6 41. Qd2 g4 42. hxg4 hxg4 43. b6 Qg6 44. Qe3 Rf3 45. b7 g3 46. b8Q gxf2+ 47. Qxf2 Rxf2 48. Kxf2 e3+ 49. Kg1 e2 50. Qe5+ Kh6 51. Re1 1-0

[Event "GER-ch U12"]
[Site "Willingen"]
[Date "2022.06.11"]
[Round "9"]
[White "Lu, Yunong Elias"]
[Black "Stichter, Constantin Paul"]
[Result "1/2-1/2"]
[WhiteElo "1671"]
[BlackElo "1472"]
[PlyCount "63"]
[EventDate "2022.06.04"]
[EventType "swiss"]
[EventRounds "9"]
[EventCountry "GER"]
[SourceTitle "CBM 208 Extra"]
[Source "ChessBase"]
[SourceDate "2022.07.31"]
[SourceVersion "1"]
[SourceVersionDate "2022.07.31"]
[SourceQuality "1"]

1. e4 e6 2. d4 d5 3. Bd3 dxe4 4. Bxe4 Nf6 5. Bf3 c5 6. Ne2 Nc6 7. Be3 Qb6 8. b3 Bd7 9. 0-0 cxd4 10. Nxd4 Bc5 11. c3 Ne5 12. b4 Bxd4 13. Bxd4 Nxf3+ 14. Qxf3 Qc6 15. Qxc6 Bxc6 16. Bxf6 gxf6 17. a4 Ke7 18. b5 Bd5 19. Na3 Rac8 20. Rac1 Bc4 21. Rfd1 e5 22. Rd2 Rc7 23. Rb2 Rc5 24. Rb4 Rhc8 25. f3 f5 26. Kf2 Ke6 27. Ke3 f4+ 28. Kd2 f5 29. Kc2 e4 30. Nxc4 Rxc4 31. Kb3 Rxb4+ 32. Kxb4 1/2-1/2

[Event "GER-ch U12"]
[Site "Willingen"]
[Date "2022.06.10"]
[Round "8"]
[White "Korchynskyi, Mykola"]
[Black "Stichter, Constantin Paul"]
[Result "1/2-1/2"]
[WhiteElo "1723"]
[BlackElo "1472"]
[PlyCount "160"]
[EventDate "2022.06.04"]
[EventType "swiss"]
[EventRounds "9"]
[EventCountry "GER"]
[SourceTitle "CBM 208 Extra"]
[Source "ChessBase"]
[SourceDate "2022.07.31"]
[SourceVersion "1"]
[SourceVersionDate "2022.07.31"]
[SourceQuality "1"]

1. d4 d5 2. c4 e6 3. Nc3 Nf6 4. Bg5 Nbd7 5. Nf3 Bb4 6. e3 c5 7. Bxf6 Nxf6 8. dxc5 Qa5 9. Nd2 Qxc5 10. Rc1 Bd7 11. cxd5 Nxd5 12. Nce4 Qa5 13. Bc4 0-0 14. a3 Bxd2+ 15. Qxd2 Qxd2+ 16. Nxd2 Bc6 17. Bxd5 Bxd5 18. f3 f5 19. Ke2 Bc6 20. Nb3 Rac8 21. Kf2 Rfd8 22. Nd4 Bd5 23. Kg3 Kf7 24. Nb5 Rxc1 25. Rxc1 a6 26. Rc7+ Kf6 27. Nd4 Re8 28. Nc2 Re7 29. Rxe7 Kxe7 30. Kf4 Kf6 31. e4 e5+ 32. Ke3 fxe4 33. fxe4 Bc4 34. Kf3 g6 35. Ne3 Bb3 36. Ng4+ Ke6 37. Ke3 Bc4 38. h4 Bf1 39. g3 b6 40. Kf3 Bb5 41. Ne3 Bc6 42. Nc4 b5 43. Na5 Ba8 44. b4 Kd6 45. Nb3 Bb7 46. Nc5 Bc8 47. Nd3 Be6 48. Nb2 Bd7 49. Ke3 Ke6 50. Nd1 Kd6 51. Nc3 Bc6 52. Ke2 Ke6 53. Kf3 Kd6 54. Kg4 h6 55. Kf3 Ke6 56. Nd1 Bb7 57. Ne3 Bc6 58. Nd1 Ke7 59. Nf2 Bd7 60. Nd3 Kd6 61. Nc5 Bc8 62. a4 Kc6 63. axb5+ axb5 64. Nd3 Kd6 65. Nf2 Be6 66. Nd1 Bd7 67. Ne3 Be6 68. Nd1 Bd7 69. Nc3 Bc6 70. Kg2 Ke7 71. Kh3 Kd6 72. Kg4 Bd7+ 73. Kf3 Bc6 74. g4 h5 75. gxh5 gxh5 76. Nd1 Bd7 77. Ne3 Be6 78. Nf5+ Bxf5 79. exf5 Ke7 80. Ke3 Kf7 1/2-1/2

[Event "GER-ch U12"]
[Site "Willingen"]
[Date "2022.06.08"]
[Round "5"]
[White "Stichter, Constantin Paul"]
[Black "Gloeckler, Christian"]
[Result "1-0"]
[WhiteElo "1472"]
[BlackElo "1847"]
[PlyCount "79"]
[EventDate "2022.06.04"]
[EventType "swiss"]
[EventRounds "9"]
[EventCountry "GER"]
[SourceTitle "CBM 208 Extra"]
[Source "ChessBase"]
[SourceDate "2022.07.31"]
[SourceVersion "1"]
[SourceVersionDate "2022.07.31"]
[SourceQuality "1"]

1. d4 Nf6 2. c4 g6 3. Nc3 Bg7 4. e4 d6 5. Be2 0-0 6. Be3 e5 7. d5 a5 8. g4 Na6 9. g5 Ne8 10. h4 f5 11. gxf6 Bxf6 12. h5 g5 13. h6 Kh8 14. Bg4 Rg8 15. f3 Be7 16. Nge2 Nf6 17. Ng3 Nc5 18. Bxc5 dxc5 19. Qe2 Ne8 20. Nd1 b6 21. a4 Rf8 22. Ne3 Bxg4 23. fxg4 Rf4 24. Nef5 Nf6 25. Rf1 Bf8 26. 0-0-0 Qe8 27. Rxf4 exf4 28. e5 fxg3 29. Re1 g2 30. Qxg2 Qxa4 31. Kb1 Qb4 32. Re3 Re8 33. Qe2 Ng8 34. d6 Qa4 35. e6 Bxd6 36. Nxd6 cxd6 37. b3 Qc6 38. Qb2+ Nf6 39. Qxf6+ Kg8 40. Qg7# 1-0

[Event "GER-ch U12"]
[Site "Willingen"]
[Date "2022.06.05"]
[Round "1"]
[White "Muendoerfer, Sebastian"]
[Black "Stichter, Constantin Paul"]
[Result "0-1"]
[WhiteElo "1254"]
[BlackElo "1472"]
[PlyCount "66"]
[EventDate "2022.06.04"]
[EventType "swiss"]
[EventRounds "9"]
[EventCountry "GER"]
[SourceTitle "CBM 208 Extra"]
[Source "ChessBase"]
[SourceDate "2022.07.31"]
[SourceVersion "1"]
[SourceVersionDate "2022.07.31"]
[SourceQuality "1"]

1. d4 d5 2. c4 e6 3. Nc3 Nf6 4. cxd5 exd5 5. Bg5 c6 6. e3 Bb4 7. Qc2 h6 8. Bh4 Be6 9. Bd3 Nbd7 10. Nge2 Rc8 11. 0-0 Bd6 12. Bg3 Bxg3 13. Nxg3 c5 14. dxc5 Rxc5 15. Bf5 0-0 16. Rad1 Qc7 17. Qb3 d4 18. Bxe6 dxc3 19. Bxd7 c2 20. Rc1 Nxd7 21. Ne4 Rh5 22. h3 Rc8 23. Nc3 Ne5 24. f4 Nc4 25. Qxc2 Nxe3 26. Qe2 Nxf1 27. Qxh5 Nd2 28. Qg4 Qb6+ 29. Kh2 Rd8 30. Ne2 Qxb2 31. Rc7 Nf1+ 32. Kh1 Qxe2 33. Qf5 Ng3+ 0-1

[Event "GER-ch U10"]
[Site "Willingen"]
[Date "2021.08.28"]
[Round "10"]
[White "Stichter, Constantin Paul"]
[Black "Fadeev, Justin Michael"]
[Result "1-0"]
[WhiteElo "1444"]
[BlackElo "1323"]
[PlyCount "91"]
[EventDate "2021.08.22"]
[EventType "swiss"]
[EventRounds "11"]
[EventCountry "GER"]
[SourceTitle "EXT 2022"]
[Source "ChessBase"]
[SourceDate "2021.10.06"]
[SourceVersion "1"]
[SourceVersionDate "2021.10.06"]
[SourceQuality "1"]

1. e4 c5 2. d4 cxd4 3. c3 dxc3 4. Nxc3 Nc6 5. Nf3 d6 6. Bc4 a6 7. 0-0 Nf6 8. Qe2 Bg4 9. h3 Bxf3 10. gxf3 e6 11. Rd1 Be7 12. f4 Qb8 13. f3 0-0 14. Be3 Rc8 15. Bb3 b5 16. Qg2 Kh8 17. Kh1 a5 18. Rg1 Rg8 19. f5 Nd8 20. fxe6 fxe6 21. f4 a4 22. Bc2 Qb7 23. Kh2 Rc8 24. Bd3 Nd7 25. Nxb5 Nc5 26. Bxc5 Rxc5 27. Nc3 a3 28. Rab1 Qa8 29. Ne2 Bf6 30. b4 Rc7 31. b5 Bb2 32. Qf2 Qb8 33. e5 dxe5 34. Bxh7 Rf8 35. Bd3 Nf7 36. Rg6 exf4 37. Qh4+ Nh6 38. Rbg1 f3 39. Nf4 Rxf4 40. Qxh6+ Kg8 41. Rxe6 Rc2+ 42. Kh1 Rh2+ 43. Kxh2 Rh4+ 44. Kh1 Rxh6 45. Rxh6 f2 46. Bc4+ 1-0

[Event "GER-ch U10"]
[Site "Willingen"]
[Date "2021.08.27"]
[Round "8"]
[White "Merenda, Lukas Benedikt"]
[Black "Stichter, Constantin Paul"]
[Result "0-1"]
[WhiteElo "1222"]
[BlackElo "1444"]
[PlyCount "120"]
[EventDate "2021.08.22"]
[EventType "swiss"]
[EventRounds "11"]
[EventCountry "GER"]
[SourceTitle "EXT 2022"]
[Source "ChessBase"]
[SourceDate "2021.10.06"]
[SourceVersion "1"]
[SourceVersionDate "2021.10.06"]
[SourceQuality "1"]

1. e4 e6 2. d4 d5 3. e5 c5 4. c3 Nc6 5. Nf3 Bd7 6. a3 c4 7. Be2 Nge7 8. 0-0 Nf5 9. g3 Be7 10. Qe1 Na5 11. Bd1 Bb5 12. Nbd2 g5 13. a4 Bc6 14. h3 b6 15. b3 cxb3 16. Nxb3 Nc4 17. Bc2 Ng7 18. Nh2 Qd7 19. Nd2 a6 20. f4 gxf4 21. Nxc4 dxc4 22. Rxf4 Nh5 23. Rf1 Qd5 24. Nf3 0-0-0 25. g4 Ng7 26. Bh6 Rhg8 27. Bxh7 Rh8 28. Be4 Qxe4 29. Qxe4 Bxe4 30. Bxg7 Rxh3 31. Kg2 Rh7 32. Bf6 Bxf6 33. exf6 Rh6 34. Rae1 Bd5 35. Kg1 Bxf3 36. Rxf3 Rg8 37. Re4 Rh4 38. Rg3 Rh6 39. Rf3 Rhg6 40. Rff4 Rg5 41. d5 exd5 42. Re7 Rxg4+ 43. Rxg4 Rxg4+ 44. Kh2 d4 45. Rxf7 dxc3 46. Rf8+ Kd7 47. f7 Ke7 48. Rd8 Kxf7 49. Rd1 c2 50. Rc1 c3 51. Rxc2 Rxa4 52. Rxc3 b5 53. Kg2 Ke6 54. Kf2 Kd5 55. Ke2 b4 56. Rb3 Kc4 57. Rb1 Ra2+ 58. Kd1 Rh2 59. Kc1 Kc3 60. Kd1 Rh1+ 0-1

[Event "GER-ch U10"]
[Site "Willingen"]
[Date "2020.10.30"]
[Round "6"]
[White "Nemitz, Alfred"]
[Black "Stichter, Constantin Paul"]
[Result "0-1"]
[WhiteElo "1287"]
[BlackElo "1476"]
[PlyCount "108"]
[EventDate "2020.10.26"]
[EventType "swiss"]
[EventRounds "7"]
[EventCountry "GER"]
[SourceTitle "CBM 199 Extra"]
[Source "ChessBase"]
[SourceDate "2021.01.31"]
[SourceVersion "1"]
[SourceVersionDate "2021.01.31"]
[SourceQuality "1"]

1. e4 e6 2. d4 d5 3. Bd3 Nf6 4. e5 Nfd7 5. Nf3 c5 6. c3 Nc6 7. 0-0 b6 8. Na3 a6 9. Nc2 Bb7 10. a4 c4 11. Be2 Na5 12. Be3 Nb3 13. Ra2 Nb8 14. Na1 Nxa1 15. Rxa1 Nc6 16. Qc2 Na5 17. Nd2 Bc6 18. h3 Be7 19. f4 g6 20. Bf3 Kd7 21. g3 h5 22. Bg2 Qc7 23. Rf2 Kc8 24. h4 Kb7 25. Rff1 Ka7 26. Bf2 Rab8 27. Qd1 b5 28. axb5 Rxb5 29. Rb1 Rhb8 30. Qc2 Qb6 31. Rfd1 Rxb2 32. Rxb2 Qxb2 33. Qxb2 Rxb2 34. Kf1 Ra2 35. Ke1 Ba3 36. Bf1 Bb2 37. Nb1 Nb3 38. Bxc4 Ba4 39. Bxb3 Bxb3 40. Rd2 a5 41. Ke2 a4 42. Kf3 a3 43. Nxa3 Bxa3 44. Rxa2 Bxa2 45. g4 Kb7 46. gxh5 gxh5 47. Be1 Bb1 48. Ke2 Bc1 49. Bg3 Bc2 50. Bh2 Kb6 51. Kf3 Kb5 52. Bg1 Kc4 53. Bf2 Kxc3 54. Ke2 Bxf4 0-1